Comparative industries : Japan and the U.S in the 1980s

Đã lưu trong:
书目详细资料
格式: 图书
语言:Undetermined
出版: New York 1980
主题:
标签: 添加标签
没有标签, 成为第一个标记此记录!
Thư viện lưu trữ: Trung tâm Học liệu Trường Đại học Cần Thơ
LEADER 00432nam a2200169Ia 4500
001 CTU_99300
008 210402s9999 xx 000 0 und d
082 |a 338 
082 |b C736 
245 0 |a Comparative industries : 
245 0 |b Japan and the U.S in the 1980s 
260 |a New York 
260 |c 1980 
650 |a Industry 
650 |z Japan 
904 |i Tuyến 
980 |a Trung tâm Học liệu Trường Đại học Cần Thơ